1777 1686 1746 1519 1506 1178 1899 1390 1987 1542 1322 1202 1063 1557 1571 1158 1434 1994 1315 1979 1680 1710 1503 1213 1046 1182 1082 1310 1827 1516 1809 1745 1518 1423 1250 1654 1557 1509 1464 1550 1477 1879 1118 1706 1055 1342 1897 1106 1825 1248 1930 1004 1266 1548 1235 1240 1831 1273 1308 1893 1201 1227 1321 1513 1864 1220 1663 1280 1739 1659 1926 1687 1017 1705 1939 1689 1833 1239 1250 1300 1513 1908 1746 1105 1016 1457 1663 1699 1103 1005 1001 1182 1611 1988 1173 1976 1809 1863 1070 BCNSPRNW ULIB Ver.6.0+V

เปลี่ยนเป็นภาษาไทย

Change to English
 แสดงรายละเอียดบรรณานุกรม
  กลับหน้าหลัก

Brief Record : Get Marc (ISO 2709) : E-mail record : QR code < ปิดหน้าต่าง
LEADER : 00000nam 2200000uu 4500
001    13399122502
003     ULIB
008    020711s2552 th a 000 0 tha d
020    9786167059235
090    นว.^bช32พ
100    ชญา
110    ไอวี่ บุ๊คเฮ้าส์
245    พ่ายรักอสูร./^cชญา
250    พิมพ์ครั้งที่ 1
260    กรุงเทพฯ :^bไอวี่ บุ๊คเฮ้าส์,^c2552
300    352 หน้า
945    ^p234^l0^i19961
999    ^aทศพร เกษรทอง
รายการนี้ยังไม่มีแท็ก
คุณยังไม่ได้ล็อกอิน คุณสามารถมีกิจกรรมร่วมกับเว็บไซต์ได้ แต่ต้องล็อกอินก่อน ::
  ล็อกอิน

รายการสื่อสารสนเทศ

ลำดับที่ ประเภท เลขเรียก/บาร์โค้ด สถานที่ สถานะ
1. นวนิยาย
นวนิยาย
นว. ช32พ  
  Barcode: 19961
ห้องสมุดวิทยาเขตสวรรค์ประชารักษ์
►นวนิยาย
บนชั้น
  ขอยืม

รายการใกล้เคียง
    ผู้แต่ง [ชญา]

BibComment


ยังไม่เคยถูกคอมเมนท์

คอมเมนท์ทรัพยากรรายการนี้
  คอมเมนท์: พ่ายรักอสูร ชญา


 Copyright 2026. Bcnsprnw @Library